=LDR 00000nam 2200000 4500 =001 INLIS000000000013985 =005 20130612105306 =008 ***********************************Ind** =035 ##$$0010-061300000013985 =041 ##$$a Ind =082 ##$$a 641.509 51 =090 ##$$a 641.509 51, Sut a =100 ##$$a Sutrisno, Indira =245 ##$$a Aneka masakan cina buncis dengan rebung, Indira Sutrisno =260 ##$$a (s.a) $b Jakarta =300 ##$$a 32 hlm, Ilus, 21 cm =650 ##$$a Masakan Cina =850 ##$$a NBPNMAT